Geologic map of the Ennis 30ʹ x 60ʹ quadrangle, Madison and Gallatin Counties, Montana /

Bibliographic Details
Main Author: Kellogg, Karl S.
Corporate Author: Geological Survey (U.S.)
Other Authors: Williams, Van S.
Format: Government Document Map Microform
Language:English
Published: [Reston, Va.] : U.S. Dept. of the Interior, U.S. Geological Survey, 1998.
Series:U.S. Geological Survey open-file report ; 97-851.
Subjects:
Online Access:Connect to this text online

MARC

Tag First Indicator Second Indicator Subfields
LEADER 00000cem a2200000Ia 4500
001 in00000003259
005 20151007051107.0
007 aj canzn
007 he bmb024bbca
008 990426s1998 vaua a fb 0 eng d
034 1 |a a  |b 100000  |d W1120000  |e W1110000  |f N0453000  |g N0450000 
035 |a (OCoLC)ocm43934918 
035 |9 AJG4723AM 
040 |a ORE  |c ORE  |d OCL  |d OCLCQ  |d GPO  |d MvI  |d UtOrBLW 
043 |a n-us-mt 
049 |a UMIC 
049 |a WWW 
052 |a 4253  |b M3  |b G3 
074 |a 0624-H (MF) 
086 0 |a I 19.76:97-851 
090 |a TD223  |b .U6 no.97-851 
100 1 |a Kellogg, Karl S. 
245 1 0 |a Geologic map of the Ennis 30ʹ x 60ʹ quadrangle, Madison and Gallatin Counties, Montana /  |c by Karl S. Kellog and Van S. Williams ; U.S. Department of the Interior, U.S. Geological Survey. 
255 |a Scale 1:100,000  |c (W 112⁰00ʹ--W 111⁰00ʹ/N 45⁰30ʹ--N 45⁰00ʹ). 
264 1 |a [Reston, Va.] :  |b U.S. Dept. of the Interior, U.S. Geological Survey,  |c 1998. 
300 |a 1 map :  |b color ;  |c 56 x 79 cm., on sheet 92 x 114 cm., folded to 26 x 21 cm. +  |e 1 pamphlet (36 leaves ; 28 cm.) 
336 |a cartographic image  |b cri  |2 rdacontent 
337 |a unmediated  |b n  |2 rdamedia 
338 |a sheet  |b nb  |2 rdacarrier 
490 1 |a Open file report ;  |v 97-851 
500 |a Relief shown by contours. 
500 |a Includes 2 ancillary maps. 
500 |a Map title: " ... Madison and Gallatin ... "; Pamphlet title: " ... Gallatin and Madison ... " 
500 |a Shipping list number: 99-0388-M. 
500 |a Shipping List Date: 04/23/99 
504 |a Includes bibliographical references (leaves 31-35 of pamphlet). 
530 |a Also available via FTP from U.S. Geological Survey's ftp site. 
533 |a Microfiche.  |b [Denver, Colo.] :  |c U.S. Geological Survey,  |d 1998.  |e 1 microfiche : negative. 
500 |a Cartographic material. 
650 0 |a Geology  |z Montana  |z Madison County  |v Maps. 
650 0 |a Geology  |z Montana  |z Gallatin County  |v Maps. 
700 1 |a Williams, Van S. 
710 2 |a Geological Survey (U.S.) 
830 0 |a U.S. Geological Survey open-file report ;  |v 97-851. 
856 7 |u ftp://greenwood.cr.usgs.gov/pub/open-file-reports/ofr-97-0851/  |2 ftp  |z Connect to this text online  |t 0 
999 |a MARS 
999 f f |s 1ceec2b7-5398-3b68-8e4d-c232f3e19a56  |i 3cf5b83a-a0a4-3044-9116-bc7ed6cf9fdc  |t 0 
952 f f |p normal  |a Texas A&M University  |b College Station  |c Sterling C. Evans Library  |d Evans: US Documents Microfiche (3rd floor)  |t 0  |e I 19.76:97-851  |h Superintendent of Documents classification  |i unmediated -- sheet  |m A14824489354 
952 f f |a Texas A&M University  |b College Station  |c Electronic Resources  |d Available Online  |t 0  |e I 19.76:97-851  |h Superintendent of Documents classification 
998 f f |a I 19.76:97-851  |t 0  |l Available Online 
998 f f |a I 19.76:97-851  |t 0  |l Evans: US Documents Microfiche (3rd floor)